Statistiken für Medias in Res Vok 13

Klicken Sie hier um das Quiz zu spielen!

Allgemein

  • Dieses Quiz wurde 557 mal gespielt
    (346 seit der letzten Aktualisierung)
  • Das Durchschnittsergebnis liegt bei 42 aus 51

Antwortstatistiken

AngabeÜbs / 2. Fall / GeschlechtAntwort% Korrekt
amorÜbsLiebe
99%
2. Fallamoris
93%
manusÜbsHand
93%
resÜbsSache
93%
genusm.
92%
diesÜbsTag
92%
genusf.
90%
2. Fallmanus
90%
solvereÜbsauflösen, lösen
89%
casusÜbsFall, Zufall, Unglücksfall
89%
mortuusÜbstot, gestorben
89%
genusf.
88%
solÜbsSonne
88%
genusm.
87%
genusm.
87%
2. Fallcasus
86%
arsÜbsKunst, Technik
86%
2. Fallrei
86%
2. Falldiei
85%
meridiesÜbsMittag
85%
1. P.solvo
85%
genusn.
84%
2. Fallcaeli
83%
genusf.
83%
genusm.
83%
genusm.
83%
genusn.
83%
2. Fallsolis
83%
2. Fallartificii
82%
2. Fallartis
82%
caelumÜbsHimmel
82%
genusn.
82%
artificiumÜbsKunstwerk
81%
opusÜbsWerk
81%
coniungereÜbsverbinden, vereinigen
80%
2. Fallmeridiei
79%
1. P.coniungo
78%
1. P.neglego
77%
1. P.cado
76%
genusm.
76%
1. P.cupio
73%
2. Fallmetus
73%
1. P.peto
73%
neglegereÜbsmissachten, vernachlässigen
71%
cadereÜbsfallen
69%
petere (+ Akk.)Übsanstreben, aufsuchen
65%
petere a/ab (+ Abl.)Übsbitten, erbitten
65%
metusÜbsFurcht, Angst
65%
2. Falloperis
64%
cupereÜbswünschen, begehren
64%
deniqueÜbsschließlich
63%

Verteilung der Resultate

Perzentil nach korrekt beantworteten Fragen

Anzahl Personen mit jedem Resultat

Ihre Resultats-Entwicklung

Sie haben dieses Quiz seit der letzten Aktualisierung nicht gespielt